01487 a2200217 4500003000500000005001700005010001700022020003300039035002300072040000900095082001800104100002200122245009200144260005200236300003300288505061900321650004000940856010600980856009101086856009201177Nust20230918094414.0 a 2006026364 c007313290X (acid-free paper) a(OCoLC)ocm71006688 cNust00a620.00151,CHA1 aChapra, Steven C.10aApplied numerical methods with MATLAB for engineers and scientists /cSteven C. Chapra. aBoston :bMcGraw-Hill Higher Education,cc2005. axx, 588 p. :bill. ;c25 cm. aMathematical Modeling, Numerical Methods and Problem Solving (Page-1), MATLAB Fundamentals (Page-15), Programming with MATLAB (Page-31), Round off and Truncation Errors (Page-56), Roots of Equations (Page-81), Linear Algebraic Equations and Matrices (Page-123), Gauss Elimination (Page-140), LU Decomposition (Page-160), Matrix Inverse and Condition (Page-172), Iterative Fitting (Page-196), General Linear Least-Squares and Nonlinear Regression (Page-221), Curve Fitting (Page-235), Numerical Integration Formulas (Page-279), Numerical Integration of Functions (Page-305), Odes (Page-321), Eigenvalues (Page-365). 0aNumerical analysisxData processing423Contributor biographical informationuhttp://www.loc.gov/catdir/enhancements/fy0737/2006026364-b.html423Publisher descriptionuhttp://www.loc.gov/catdir/enhancements/fy0668/2006026364-d.html423Table of contents onlyuhttp://www.loc.gov/catdir/enhancements/fy0668/2006026364-t.html